000 00410nam a2200133Ia 4500
008 151001s9999||||xx |||||||||||||| ||und||
100 _aवीरेंदकुमार गौड
245 _a"मंत्र,स्तोत्र और कवच "
250 _a1
260 _bसुनील साहित्य प्रकाशन
260 _c2007
300 _a144
365 _b21
999 _c995558
_d995555